| 000 | 00445 a2200109 4500 | ||
|---|---|---|---|
| 001 | ART_23454 | ||
| 005 | 20260410161918.0 | ||
| 008 | 260409a | ||
| 245 | 1 | 0 | _aEstrategias no tradicionales de inclusión laboral de jóvenes en el dominio de la contabilidad social |
| 100 | 1 | _aPiacquadío, Cecilia | |
| 773 | 0 |
_tDocumentos de trabajo de contabilidad, auditoría y responsabilidad social _g- Año 3, Nº 5 (jun. 2013) _wREV14385 |
|
| 999 |
_c27458 _d27458 |
||